Quizzes
Events
Quiz Creation
Community
Videos
Private Events
Remove Ads
Sign In
Join for FREE
Feedback
Dark Mode
Quiz Categories
Sports
Geography
Music
Movies
Television
Just For Fun
Miscellaneous
History
Literature
Language
Science
Gaming
Entertainment
Religion
Holiday
For Kids
Quiz Lab
Recent
Popular Today
Quiz Kudos Today
Editor Picks
Curator Picks
Quizzes by...
Day
Popularity
Type
Ratings
Length
Year
Community
Subscriptions
Recent Discussions
Orange Saloon
Badges
Playlists
Quests
Create
Leaderboards
Showdown
Live 5
Trivia Bingo
Activity
Puzzle Library
Sporcle Events
Private Events
Virtual Trivia
Globe League
Become a Host
Pub Owners
SporcleCon
Opinionation
Our Games
Videos
Blog
Mobile Apps
Partnerships
Remove Ads and Go Orange
Feedback
Gaming
Video Games
Board Games
Card Games
Pokémon
Mario
Nintendo
Minecraft
Console
Toys
Legend of Zelda
Gaming
Video Games
Board Games
Card Games
Pokémon
Mario
Nintendo
Minecraft
Console
Toys
Legend of Zelda
Random Quiz
Search Sporcle
×
Quiz Lab
Quiz Lab
Gaming
Card Games
Click on regions of an image
Click on regions of an image
Picture Click
Best Score? Go Orange.
Magic: the Gathering - Mill cards Stats
Can you pick the mill cards?
By
DenAlex
2m
25 Questions
482 Plays
482 Plays
482 Plays
Comments
Comments
Give Quiz Kudos
Give Quiz Kudos
-
- Ratings
hide this ad
Forced Order
Answers have to be entered in order
Answers have to be entered in order
Replay
Link that replays current quiz
Next Quiz
Link to next quiz in quiz playlist
You Got
0%
They Got
Avg Score
60%
Avg Friend Score
Upgrade to see
Score Distribution
Jump to the score distribution portion of the page
Score
0/25
Timer
02:00
0
Plays Today
% Correct
Sphinx's Tutelage
90%
Glimpse the Unthinkable
80.7%
Curse of the Bloody Tome
80.5%
Archive Trap
78.6%
Thought Scour
77.6%
Tome Scour
76.6%
Traumatize
75.9%
Mind Sculpt
75.3%
Psychic Spiral
74.7%
Startled Awake
73.2%
Mind Funeral
70.7%
Ray of Erasure
70.5%
Dreadwaters
70.3%
% Correct
Brain Freeze
68.7%
Mind Grind
61.4%
Memory Erosion
52.1%
Dream Twist
46.7%
Sanity Grinding
45.2%
Dampen Thought
44.8%
Paranoid Delusions
43.4%
Increasing Confusion
41.5%
Chill of Foreboding
34.4%
Memory Sluice
31.5%
Shared Trauma
30.7%
Psychic Drain
29.3%
Quiz Playlist
Details
Report
Send in Message
Add To Playlist
Picture Click:
Click on regions of an image
Forced Order:
Answers have to be entered in order
Last Updated: Mar 2, 2021
Quiz Scoreboard
CHALLENGE
Sign Up to Join the Scoreboard
Show All
Scores
Hide
Comments
May contain spoilers
Recently Published
An Introduction to Baseball
by treessimontrees
Sports
5m
Movies - When Are They Set?
by FPL_Elf
Movies
5m
Popular People in 1961
by mucciniale
History
6m
More to Explore
Quiz From the Vault
Featured Blog Post
Where Did the Easter Bunny Come From?
hide this ad
You Might Also Like...
Tags
Card Games Quiz
Magic the Gathering
mtg
Mtg Cards
Today's Top Quizzes in Gaming
Browse Gaming
hide this ad
Today's Top Quizzes in Card Games
Browse Card Games
Top Contributed Quizzes in Gaming
1
Destiny 2 exotic weapons by perk icons
2
5-to-1: Consoles
3
Ultimate Genshin Impact Logic Puzzle (up to 4.3)
4
7-to-1: Board Game Piece Blitz
5
5-to-1: Legend of Zelda
6
Franchise by Action Figure
7
Who's on the WWE 2K24 Cover?
8
Windmill: Pokémon
9
Genshin Impact Logic Puzzle Quiz
10
Legendary or Exotic?
Explore More
Trending Topics
Crossword
Disney
Kpop
Marvel
NBA
Harry Potter
Anime
WWE
Puzzle
Pokémon
Song
NFL
Country
Soccer
The Office
hide this ad
More By:
DenAlex
Quiz
Plays
Rating
Category
Featured
Created
Magic: the Gathering Set Symbols - OTJ
13,550
4.84
Gaming
Jun 27, 2019
Magic: the Gathering - Planeswalkers
4,248
4.96
Gaming
Jan 9, 2017
Magic: the Gathering - Symbols
2,145
4.86
Gaming
Jan 8, 2017
Vampire: VtES - Clan Symbols
2,081
5.00
Gaming
Jan 13, 2017
Magic: the Gathering - Sup. Set Symbols
2,068
5.00
Gaming
Jan 13, 2017
Go to Creator's Profile
Score Distribution
Quiz Creator Spotlight
DenAlex
Follow
Send a Message
Quizzes Created
-
Created Quiz Play Count
-
More By This Creator
Popular Quizzes Today
1
Find the Countries of Europe - No Outlines Minefield
2
Find the US States - No Outlines Minefield
3
The Countries of the World
4
Popular People in 1961
5
US States
6
Find the US States
7
1-10 Letter E Words III
8
Risky Map Clicking: Biggest States A-Z
More Gaming Quizzes
Destiny 2 Exotic Weapons
Quiz Lab
Trending Quizzes
Risky Map Clicking: Least Populous States A-Z
1-10 Letter F Words
1-10 Letter G Words
One Thing in Common: United Kingdom
Not Quite an Element Typing Challenge
Recently Updated
Leaping Animals
pecheneg
Reality TV Shows (A-Z)
bhenderson79
Rickey Henderson's Hall of Fame Teammates
pecheneg
Champions League XIs: Arsenal
pecheneg
Quick Pick: Celebrities in WWE's Hall of Fame
aduchscher
A-Z Keypad Blitz II
pecheneg
Multiple Oscar Actors
pecheneg
Mystery Phrase Blitz: Oscar 'Best Actors'
pecheneg
F. Scott Fitzgerald Novels
LTH
Pick 3 Villains
ddd62291
Trending Topics
Anime
Harry Potter
Kpop
Disney
NBA
Marvel
Crossword
The Office
WWE
Puzzle
NFL
Pokémon
Soccer
Song
Country
Your Account Isn't Verified!
In order to create a playlist on Sporcle, you need to verify the email address you used during registration. Go to your
Sporcle Settings
to finish the process.
Report this User
Report this user for behavior that violates our
Community Guidelines
.
Details:
Send Report
Go to the Sporcle.com Mobile Site →
Comments